Gaming Quiz

Random Gaming or Video Games Quiz

Final Fantasy VII Characters Quiz Stats

 Plays Quiz Updated Oct 5, 2021

     
Support Sporcle.
Go Orange.
Score 0/61 Timer 15:00
1 Play Today
Location Name % Correct
Sector 1 ReactorCloud Strife
98.3%
Sector 7Tifa Lockhart
91.7%
Sector 1 ReactorBarret Wallace
89.2%
Sector 5Aeris Gainsborough
86%
UnknownSephiroth
81.5%
Shinra HQRed XIII
79.3%
...any forestYuffie Kisaragi
78.4%
Rocket TownCid Highwind
77.5%
NibelheimVincent Valentine
76.5%
Sector 1 ReactorBiggs
68.8%
Sector 1 ReactorWedge
68%
Sector 5Reno
66.3%
Shinra HQRufus Shinra
65.9%
UnknownZack Fair
65.7%
Sector 7Marlene Wallace
64.1%
Gold SaucerCait Sith
63.3%
UnknownJenova
62%
Mythril MinesRude
60.2%
Shinra HQProfessor Hojo
59%
Sector 1 ReactorJessie
58.5%
Shinra HQPresident Shinra
54.9%
Mythril MinesElena
50.9%
Sector 5Tseng
50%
Shinra HQScarlet
43.7%
Sector 6Don Corneo
42.9%
Shinra HQHeidegger
40.8%
UnknownLucrecia Crescent
37.2%
Corel PrisonDyne
37%
Shinra HQReeve Tuesti
34.1%
Cosmo CanyonBugenhagen
33.3%
Shinra HQPalmer
31.8%
Location Name % Correct
Gold SaucerDio
28.5%
Chocobo FarmChoco Bill
28.4%
Cave of the GiSeto
26.9%
UnknownGast Faremis
25.6%
Northern ContinentChocobo Sage
24.4%
Rocket TownShera
23.7%
Sector 7Johnny
21.9%
Chocobo FarmChoco Billy
21.5%
JunonMr. Dolphin
21%
Sector 5Elmyra Gainsborough
20.6%
JunonPriscilla
18.8%
WutaiGodo Kisaragi
18%
Sector 6Big Bro
17.3%
UnknownIfalna
17.2%
Gold SaucerJoe
17.2%
Shinra HQMayor Domino
17.2%
Gold SaucerEster
15.7%
UnknownZangan
15.6%
Gold SaucerTeioh
12.3%
Sector 6Scotch
11.6%
Sector 6Kotch
10.8%
Sector 6Mukki
9.3%
CorelEleanor
9.2%
Chocobo FarmChole
9.2%
Corel PrisonMr. Coates
9.1%
CorelMyrna
8.9%
Shinra HQDeputy Mayor Hart
8.2%
Gaea's CliffMr. Holzoff
7.6%
Cosmo CanyonElder Hargo
4.9%
Cosmo CanyonElder Bugah
4.8%

From the Vault

It's Been a Slice: US States

by t_rev19

Geography 30s
So if we stack them all on top of each other do we get a geography sandwich?
Remove Ads.
Support Sporcle.
Get the best of Sporcle when you Go Orange. This ad-free experience offers more features, more stats, and more fun while also helping to support Sporcle. Thank you for becoming a member.

Show Comments

Extras

Top Quizzes Today


Score Distribution

Your Account Isn't Verified!

In order to create a playlist on Sporcle, you need to verify the email address you used during registration. Go to your Sporcle Settings to finish the process.

Report this User

Report this user for behavior that violates our Community Guidelines.

Details: